A London life. The Patagonia. The liar. Mrs. Temperly /

Bibliographic Details
Main Author: James, Henry, 1843-1916
Format: Book
Language:English
Published: Plainview, N.Y. : Books for Libraries Press, 1976.
Series:Short story index reprint series.

MARC

Tag First Indicator Second Indicator Subfields
LEADER 00000cam a2200000 a 4500
001 in00000072067
005 20170201120309.0
008 730110r19761889nyu 00011 engm
010 |a  73000312  
020 |a 0836942477 
035 |a (OCoLC)00549344 
035 |9 AAK0426AM 
040 |a DLC  |c DLC  |d m.c.  |d TXA  |d UtOrBLW 
049 |a TXAM  |c [1653968] 
050 0 0 |a PZ3.J234  |b Lo5  |a PS2116 
090 |a PS2116  |b L66 1976 
100 1 |a James, Henry,  |d 1843-1916. 
245 1 2 |a A London life. The Patagonia. The liar. Mrs. Temperly /  |c by Henry James. 
264 1 |a Plainview, N.Y. :  |b Books for Libraries Press,  |c 1976. 
300 |a 366 pages ;  |c 20 cm. 
336 |a text  |b txt  |2 rdacontent 
337 |a unmediated  |b n  |2 rdamedia 
338 |a volume  |b nc  |2 rdacarrier 
490 1 |a Short story index reprint series 
500 |a Originally published 1889. 
740 4 |a The Patagonia. 
740 4 |a The liar. 
740 0 |a Mrs. Temperly. 
830 0 |a Short story index reprint series. 
999 |a MARS 
999 f f |s 787710ec-9101-3891-8200-9200dd3312e7  |i 2aa00322-8ad8-311b-8f43-f3c04dead7d2  |t 0 
952 f f |p ric  |a Texas A&M University  |b Rellis Campus  |c Joint Library Facility  |d Remote Storage  |t 0  |e PS2116 L66 1976  |h Library of Congress classification  |i unmediated -- volume  |m A14806196076 
998 f f |a PS2116 L66 1976  |t 0  |l Remote Storage